Top Oil Producing Countries in Africa - Statistics

General Stats
  • This quiz has been taken 113 times
  • The average score is 8 of 10
Answer Stats
Answer Hint % Correct
Nigeria 113,000
100%
Angola 88,700
92%
Republic of the Congo 14,500
91%
Chad 4,100
76%
Sudan 5,200
75%
Cameroon 3,700
74%
Ghana 5,00
73%
Gabon 11,600
67%
South Sudan 7,300
67%
Equatorial Guinea 13,500
66%
No matching quizzes found
Score Distribution
Percent of People with Each Score
Percentile by Number Answered
Your Score History
You have not taken this quiz